000 01195nam a22002537a 4500
005 20170124103210.0
010 _aA-649641
020 _c25.00
035 _aA-649641
037 _bCen Lib/Ret
040 _aDPL
_bHN
082 _a822
_bश्रीवास्त
100 _aश्रीवास्तव, सत्येन्द्र
_949095
245 _aशहीद ऊधम सिंह :
_cसत्येन्द्र श्रीवास्तव
_bउनका समय,उनकी क्रांति /
246 _aShaheed Udham Singh : unka samay,unki kranti /
_bby Satyendra Shrivastava
260 _aदिल्ली
_bअभिव्यंजना
_c1991
270 _bदिल्ली
_aबी 70/72, डी.एस.आई.डी.सी. काम्प्लेक्स, लोरेंस रोड
_e110035
300 _a93पृ.
_c17सेमी(सजिल्द)
650 _aहिन्दी -- साहित्य
_996132
650 _aहिन्दी -- नाटक
_996133
650 _aHindi literature
_996134
650 _aHindi - Drama
_996135
942 _2ddc
_cHN
_h822
_mश्रीवास्त
999 _c121276
_d121276